Central Library OPAC University of Rajshahi

Drama and society in the age of Jonson / (Record no. 17754)

MARC details
000 -LEADER
fixed length control field 01026nam a2200289 a 4500
001 - CONTROL NUMBER
control field 17754
003 - CONTROL NUMBER IDENTIFIER
rucl marc code BD-RJUL
005 - DATE AND TIME OF LATEST TRANSACTION
control field 20211209000204.0
008 - FIXED-LENGTH DATA ELEMENTS--GENERAL INFORMATION
fixed length control field 140217t19621937enk 000 0 eng d
035 ## - SYSTEM CONTROL NUMBER
System control number (BD-RjUL)17812
040 ## - CATALOGING SOURCE
Original cataloging agency BD-RjUL
Language of cataloging eng
Transcribing agency BD-RjUL
041 ## - LANGUAGE CODE
Language code of text/sound track or separate title eng
082 ## - DEWEY DECIMAL CLASSIFICATION NUMBER
Classification number 822.09
Author mark and year KND 1962
100 1# - MAIN ENTRY--PERSONAL NAME
Personal name Knights, L. C.
Fuller form of name (Lionel Charles),
Dates associated with a name 1906-
9 (RLIN) 54758
245 10 - TITLE STATEMENT
Title Drama and society in the age of Jonson /
Statement of responsibility, etc. [by] L.C. Knights.
260 ## - PUBLICATION, DISTRIBUTION, ETC. (IMPRINT)
Place of publication, distribution, etc. London :
Name of publisher, distributor, etc. Penguin books in association with Chatto and Windus,
Date of publication, distribution, etc. 1962.
300 ## - PHYSICAL DESCRIPTION
Pagination 285 p. ;
Size 20 cm.
504 ## - BIBLIOGRAPHY, ETC. NOTE
Bibliography, etc Bibliography : p. 275-[280], and index.
Bibliography, etc include bibliography and Index
650 #0 - SUBJECT ADDED ENTRY--TOPICAL TERM
Topical term or geographic name as entry element English drama
Chronological subdivision Early modern and Elizabethan, 1500-1600
General subdivision History and criticism.
9 (RLIN) 2066
Topical term or geographic name as entry element Social problems in literature.
9 (RLIN) 54759
651 #0 - SUBJECT ADDED ENTRY--GEOGRAPHIC NAME
Geographic name Great Britain
General subdivision Economic conditions.
9 (RLIN) 54760
Geographic name Great Britain
General subdivision Social conditions.
9 (RLIN) 54761
830 #0 - SERIES ADDED ENTRY--UNIFORM TITLE
Volume number/sequential designation Y15
Uniform title Peregrine books ;
942 ## - ADDED ENTRY ELEMENTS (KOHA)
Source of classification or shelving scheme Dewey Decimal Classification
Koha item type Books
Holdings
Lost status Source of classification or shelving scheme Damaged status Not for loan Collection code Permanent Location Current Location Shelving location Date acquired Source of acquisition Cost, normal purchase price Total Checkouts Full call number Date last seen Copy number Koha item type
  Dewey Decimal Classification     Non-fiction Central Library, University of Rajshahi Central Library, University of Rajshahi   17/05/1967 University book agencies 6.37   822.09 KND 1962 17/02/2014 C-3 Books
  Dewey Decimal Classification     Non-fiction Central Library, University of Rajshahi Central Library, University of Rajshahi   04/07/1955 Casel & company 7.00   822.09 KND 1951 06/10/2020 C-2 Books
  Dewey Decimal Classification     Non-fiction Central Library, University of Rajshahi Central Library, University of Rajshahi   26/04/1955 U.B.D.     822.09 KND 1962 19/10/2020 C-4 Books
  Dewey Decimal Classification   Not For Loan Non-fiction Central Library, University of Rajshahi Central Library, University of Rajshahi Reading Room 17/05/1967 University book agencies 6.70   822.09 KND 1962 26/11/2020 C-1 Books